| 000 | 00575nam a2200193 a 4500 | ||
|---|---|---|---|
| 005 | 20231021063605.0 | ||
| 008 | 991125s1967 mx 000 0 spa u | ||
| 035 | _aUPN01000022822 | ||
| 049 | _aF | ||
| 050 | 4 |
_aLB1049 _bR4.3 |
|
| 100 | 1 |
_aReal Rodríguez, Marina _936321 |
|
| 245 | 1 | 3 |
_aEl estudio dirigido en la Escuela Tecnológica no.3 del IPN / _cMarina Real Rodríguez. |
| 260 |
_aMéxico : _bIPN, _c1967. |
||
| 300 | _a34 p. | ||
| 650 | 4 |
_aMétodos de estudio _94280 |
|
| 650 | 4 |
_aESTUDIO DIRIGIDO _925919 |
|
| 650 | 2 |
_aMétodos de enseñanza _95706 |
|
| 905 | _aLibro | ||
| 999 |
_c22822 _d22822 |
||